000 00738nas a2200241 4500
001 BR8002333
003 BR-BrBNA
005 20231205084307.0
007 ta
008 230509b bl.|||p| |||| 00| 00por d
040 _aBR-BrBNA
_bpor
_cBiblioteca Nacional de Agricultura
041 _a(En, Pt)
072 _aE70
100 1 _aCardozo, M.
245 1 _aPresidente da Melitta diz que lancara com lucro, cafe melhor e mais caro [Brasil]
650 _aComercializacao
650 _aCafe
650 _aMercado nacional
650 _aConsumo interno
773 0 _tRevista do Comercio de Cafe (Brazil)
_xISSN 0034-9224
_g(Nov 1980), v. 60(665) p. 32-36
_wBR8002333
909 _a202311
_bLúcia
_c55
_dLúcia Elande
942 _2AGRIS
_n0
_cANA
999 _c104324
_d104324